logo

Bir Sreshtho Munshi Abdur Rouf Library
Jhenaidah Cadet College

Successful Seed Programs : A Planning and Management Guide / (Record no. 5608)

MARC details
000 -LEADER
fixed length control field 00756nam a2200253 a 4500
001 - CONTROL NUMBER
JCCL Control Number 5608
003 - CONTROL NUMBER IDENTIFIER
JCCL marc code BD-JhCC
005 - DATE AND TIME OF LATEST TRANSACTION
control field 20171221090919.0
008 - FIXED-LENGTH DATA ELEMENTS--GENERAL INFORMATION
fixed length control field 171218s1980 a a|||| ||a| 000 0 eng d
020 ## - INTERNATIONAL STANDARD BOOK NUMBER
International Standard Book Number 0891588728
020 ## - INTERNATIONAL STANDARD BOOK NUMBER
International Standard Book Number 0891587934
035 ## - SYSTEM CONTROL NUMBER
system control number (BD-JhCC) 5608
040 ## - CATALOGING SOURCE
Original cataloging agency BD-JhCC
Modifying agency BD-JhCC
041 ## - LANGUAGE CODE
Language code of Book eng
082 ## - DEWEY DECIMAL CLASSIFICATION NUMBER
Classification number 631.521
Author mark and Year SUC 1980
245 ## - TITLE STATEMENT
Title Successful Seed Programs : A Planning and Management Guide /
Statement of responsibility, etc edited by Johnson E. Douglas,
260 ## - PUBLICATION, DISTRIBUTION, ETC. (IMPRINT)
Place of publication, distribution, etc America :
Name of publisher, distributor, etc Westview Press / Boulder, Colorado ,
Date of publication, distribution, etc 1980
300 ## - PHYSICAL DESCRIPTION
Pagination 302 p .:
Dimensions 22 cm .
490 ## - SERIES STATEMENT
Series statement IADS development-oriented literature series
650 ## - SUBJECT ADDED ENTRY--TOPICAL TERM
Topical term or geographic name as entry element Seed Projects, Seed Industry and trade
700 ## - ADDED ENTRY--PERSONAL NAME
Personal name Douglas, Johnson E.
942 ## - ADDED ENTRY ELEMENTS (KOHA)
Source of classification or shelving scheme Dewey Decimal Classification
Koha item type Books
Holdings
Source of classification or shelving scheme Damaged status Not for loan Home library Current library Shelving location Date of accession Total Checkouts Full call number Barcode Date last seen Copy number Koha item type
Dewey Decimal Classification     JCC Rouf Library JCC Rouf Library General Stacks 12/18/2017   631.521 SUC 1980 7422 12/18/2017 C - 1 Books

JCC Library | Contacts | JCC Home

Last Update on 23 September 2017
Copyright @ 2017-2020 JCC Rouf Library
Rouf Library, Jhenidah Cadet College (JCC), Bangladesh